000 00589nam a2200205 i 4500
001 134219
003 ES-MaACL
005 20250829132032.0
007 t|
008 070906s1961 sp ||||1| spa d
100 1 _aXandró, Mauricio.
_9117492
245 1 3 _aEl arte de ser feliz /
_cMauricio Xandró.
260 _aMadrid :
_bStudium,
_c[1961]
300 _a112 p. ;
_c19 cm.
490 1 _aHogar y pedagogía ;
_v27
650 1 7 _aFelicidad
_2embne
_912743
830 0 0 _aHogar y pedagogía
_v27
_9181444
852 _aES-MaACL
_jC-25074
_bR.53819
999 _c134219
_d134219